[Event "Campeonatos de Espana Universitarios 20"]
[Site "Universidad de Alicante, Spai"]
[Date "2019.04.10"]
[Round "6.3"]
[White "Abal Cores, Lucas"]
[Black "Alshameary Puente, Ismael"]
[Result "0-1"]
[WhiteElo "2304"]
[BlackElo "2425"]
[PlyCount "114"]
[EventDate "2019.??.??"]

1. e4 {[%clk 00:40:09]  [%emt 00:00:04]} 1... e5 {[%clk 00:40:08]} 2. Nf3 {
[%clk 00:40:09]} 2... Nc6 {[%clk 00:40:12]} 3. d4 {[%clk 00:40:10]} 3... exd4 {
[%clk 00:40:15]} 4. Bc4 {[%clk 00:40:12]} 4... Nf6 {
[%clk 00:39:51]  [%emt 00:00:41]} 5. e5 {[%clk 00:40:16]} 5... d5 {
[%clk 00:39:48]} 6. Bb5 {[%clk 00:40:19]} 6... Ne4 {
[%clk 00:39:46]  [%emt 00:00:03]} 7. Nxd4 {[%clk 00:40:18]  [%emt 00:00:04]}
7... Bd7 {[%clk 00:39:49]  [%emt 00:00:08]} 8. Bxc6 {[%clk 00:40:16]} 8... bxc6
{[%clk 00:39:52]  [%emt 00:00:03]} 9. O-O {[%clk 00:39:47]  [%emt 00:00:29]}
9... Bc5 {[%clk 00:39:55]  [%emt 00:00:04]} 10. f3 {
[%clk 00:39:34]  [%emt 00:00:20]} 10... Ng5 {[%clk 00:39:58]  [%emt 00:00:04]}
11. Be3 {[%clk 00:39:31]  [%emt 00:00:05]} 11... Bb6 {
[%clk 00:39:47]  [%emt 00:00:15]} 12. Qd2 {[%clk 00:36:21]  [%emt 00:03:20]}
12... Ne6 {[%clk 00:37:09]  [%emt 00:02:35]} 13. Nb3 {
[%clk 00:33:06]  [%emt 00:03:23]} 13... a5 {[%clk 00:29:59]  [%emt 00:07:12]}
14. a4 {[%clk 00:32:07]  [%emt 00:01:05]} 14... O-O {
[%clk 00:29:42]  [%emt 00:00:21]} 15. f4 {[%clk 00:30:16]  [%emt 00:01:57]}
15... f5 {[%clk 00:29:08]  [%emt 00:00:39]} 16. Nc3 {
[%clk 00:27:11]  [%emt 00:03:09]} 16... d4 {[%clk 00:18:29]  [%emt 00:10:58]}
17. Nxd4 {[%clk 00:23:43]  [%emt 00:03:19]} 17... Be8 {
[%clk 00:18:33]  [%emt 00:00:37]} 18. Nce2 {[%clk 00:20:43]  [%emt 00:02:32]}
18... Bh5 {[%clk 00:18:35]  [%emt 00:00:24]} 19. c3 {[%clk 00:20:31]} 19... Qd5
{[%clk 00:17:32]  [%emt 00:01:05]} 20. Ng3 {[%clk 00:19:49]  [%emt 00:00:47]}
20... Bg6 {[%clk 00:16:43]  [%emt 00:01:11]} 21. Qf2 {
[%clk 00:18:21]  [%emt 00:01:13]} 21... Bxd4 {[%clk 00:12:06]  [%emt 00:04:41]}
22. Bxd4 {[%clk 00:18:03]  [%emt 00:00:31]} 22... Rab8 {[%clk 00:12:07]} 23.
Rfd1 {[%clk 00:16:27]  [%emt 00:01:37]} 23... Rfd8 {
[%clk 00:11:22]  [%emt 00:01:32]} 24. Rd2 {[%clk 00:14:59]  [%emt 00:00:52]}
24... Qc4 {[%clk 00:11:25]  [%emt 00:00:36]} 25. Nf1 {
[%clk 00:09:04]  [%emt 00:05:27]} 25... Rd7 {[%clk 00:09:26]  [%emt 00:02:01]}
26. Ne3 {[%clk 00:05:05]  [%emt 00:04:07]} 26... Qb3 {
[%clk 00:09:30]  [%emt 00:00:04]} 27. Ra3 {[%clk 00:04:58]  [%emt 00:00:07]}
27... Qb7 {[%clk 00:09:34]} 28. Nc4 {[%clk 00:03:49]  [%emt 00:01:15]} 28...
Qa6 {[%clk 00:07:06]  [%emt 00:02:33]} 29. b3 {[%clk 00:03:46]  [%emt 00:00:32]
} 29... Bf7 {[%clk 00:06:59]  [%emt 00:00:07]} 30. Be3 {
[%clk 00:03:12]  [%emt 00:00:19]} 30... Rd5 {[%clk 00:06:10]  [%emt 00:00:55]}
31. g4 {[%emt 00:00:47]} 31... Bg6 {[%clk 00:05:48]} 32. h4 {
[%clk 00:02:24]  [%emt 00:00:39]} 32... fxg4 {[%clk 00:05:28]  [%emt 00:00:38]}
33. Ra1 {[%clk 00:00:56]  [%emt 00:01:18]} 33... Bf5 {
[%clk 00:05:22]  [%emt 00:00:19]} 34. Bd4 {[%clk 00:00:35]  [%emt 00:00:18]}
34... Rf8 {[%clk 00:03:20]  [%emt 00:02:07]} 35. Rad1 {
[%clk 00:00:29]  [%emt 00:00:34]} 35... Be4 {[%clk 00:02:55]  [%emt 00:00:44]}
36. Be3 {[%clk 00:00:17]  [%emt 00:00:04]} 36... Bf3 {[%clk 00:02:56]} 37. Re1
{[%clk 00:00:15]} 37... Qa8 {[%clk 00:02:18]  [%emt 00:00:31]} 38. Nb2 {
[%clk 00:00:09]  [%emt 00:00:12]} 38... Qb8 {[%clk 00:02:01]  [%emt 00:00:35]}
39. b4 {[%clk 00:00:11]} 39... axb4 {[%clk 00:02:02]} 40. c4 {[%clk 00:00:15]}
40... Ra5 {[%clk 00:01:59]  [%emt 00:00:04]} 41. Rd7 {
[%clk 00:00:16]  [%emt 00:00:05]} 41... Qe8 {[%clk 00:01:57]  [%emt 00:00:07]}
42. Rd3 {[%clk 00:00:17]  [%emt 00:00:04]} 42... Qg6 {
[%clk 00:01:37]  [%emt 00:00:21]} 43. Kh2 {[%clk 00:00:20]  [%emt 00:00:21]}
43... Rxa4 {[%clk 00:01:30]  [%emt 00:00:11]} 44. Kg3 {[%clk 00:00:14]} 44...
Ra3 {[%clk 00:01:31]} 45. Rxa3 {[%clk 00:00:11]  [%emt 00:00:09]} 45... bxa3 {
[%clk 00:01:35]  [%emt 00:00:05]} 46. Na4 {[%clk 00:00:15]} 46... Qd3 {
[%clk 00:01:19]  [%emt 00:00:17]} 47. Nc5 {[%clk 00:00:09]  [%emt 00:00:09]}
47... Qxc4 {[%clk 00:01:05]  [%emt 00:00:19]} 48. Rc1 {
[%clk 00:00:07]  [%emt 00:00:11]} 48... Qd5 {[%clk 00:01:07]} 49. Nxe6 {
[%clk 00:00:06]  [%emt 00:00:09]} 49... Qxe6 {[%clk 00:01:11]  [%emt 00:00:03]}
50. Qc2 {[%clk 00:00:09]} 50... a2 {[%clk 00:01:11]  [%emt 00:00:05]} 51. Qb2 {
[%clk 00:00:06]  [%emt 00:00:05]} 51... h5 {[%clk 00:01:05]  [%emt 00:00:27]}
52. Rc3 {[%clk 00:00:08]} 52... Ra8 {[%clk 00:01:05]} 53. Rc1 {[%clk 00:00:13]}
53... Qd5 {[%clk 00:01:04]} 54. Ra1 {[%clk 00:00:13]  [%emt 00:00:09]} 54...
Bd1 {[%clk 00:00:50]  [%emt 00:00:13]} 55. Qf2 {
[%clk 00:00:11]  [%emt 00:00:12]} 55... Ra3 {[%clk 00:00:48]  [%emt 00:00:04]}
56. Kh2 {[%clk 00:00:14]  [%emt 00:00:03]} 56... Qd3 {
[%clk 00:00:49]  [%emt 00:00:04]} 57. Rxa2 {[%clk 00:00:12]  [%emt 00:00:07]}
57... Qxe3 {[%clk 00:00:38]  [%emt 00:00:13]} 0-1

[Event "Campeonatos de Espana Universitarios 20"]
[Site "Universidad de Alicante, Spai"]
[Date "2019.04.10"]
[Round "6.4"]
[White "Motos Abellan, Daniel"]
[Black "Gomez Dieguez, Adrian"]
[Result "0-1"]
[WhiteElo "2100"]
[BlackElo "2304"]
[PlyCount "84"]
[EventDate "2019.??.??"]

1. e4 {[%clk 00:40:09]  [%emt 00:00:03]} 1... e5 {
[%clk 00:40:06]  [%emt 00:00:03]} 2. Nf3 {[%clk 00:40:07]  [%emt 00:00:07]}
2... Nc6 {[%clk 00:40:08]  [%emt 00:00:04]} 3. Be2 {
[%clk 00:39:02]  [%emt 00:01:09]} 3... g6 {[%clk 00:39:44]  [%emt 00:00:28]} 4.
d3 {[%clk 00:38:41]  [%emt 00:00:24]} 4... Bg7 {
[%clk 00:39:45]  [%emt 00:00:19]} 5. c3 {[%clk 00:38:45]} 5... Nge7 {
[%clk 00:39:44]} 6. b4 {[%clk 00:38:43]  [%emt 00:00:04]} 6... O-O {
[%clk 00:39:31]  [%emt 00:00:12]} 7. Nbd2 {[%clk 00:38:38]  [%emt 00:00:14]}
7... d6 {[%clk 00:39:08]  [%emt 00:00:25]} 8. Qc2 {
[%clk 00:38:33]  [%emt 00:00:15]} 8... h6 {[%clk 00:39:03]  [%emt 00:00:08]} 9.
a4 {[%clk 00:38:27]  [%emt 00:00:07]} 9... f5 {[%clk 00:38:58]  [%emt 00:00:11]
} 10. Bb2 {[%clk 00:37:53]  [%emt 00:00:41]} 10... f4 {
[%clk 00:37:53]  [%emt 00:01:10]} 11. b5 {[%clk 00:37:48]  [%emt 00:00:11]}
11... Nb8 {[%clk 00:37:54]  [%emt 00:00:03]} 12. d4 {
[%clk 00:37:51]  [%emt 00:00:04]} 12... Nd7 {[%clk 00:37:26]  [%emt 00:00:32]}
13. h4 {[%clk 00:37:16]  [%emt 00:00:37]} 13... Kh8 {
[%clk 00:35:50]  [%emt 00:01:42]} 14. Nc4 {[%clk 00:36:49]  [%emt 00:00:31]}
14... Nb6 {[%clk 00:34:55]  [%emt 00:01:01]} 15. Nxb6 {
[%clk 00:34:29]  [%emt 00:02:25]} 15... axb6 {[%clk 00:34:53]  [%emt 00:00:26]}
16. dxe5 {[%clk 00:34:32]} 16... dxe5 {[%clk 00:34:29]  [%emt 00:00:17]} 17. c4
{[%clk 00:34:35]  [%emt 00:00:03]} 17... Qd6 {[%clk 00:33:16]  [%emt 00:01:11]}
18. Qc3 {[%clk 00:30:25]  [%emt 00:04:15]} 18... Bg4 {
[%clk 00:30:28]  [%emt 00:02:53]} 19. Nxe5 {[%clk 00:27:06]  [%emt 00:03:24]}
19... Bxe2 {[%clk 00:30:20]  [%emt 00:00:38]} 20. Kxe2 {[%clk 00:27:10]} 20...
Kh7 {[%clk 00:30:07]  [%emt 00:00:03]} 21. Rhd1 {
[%clk 00:25:50]  [%emt 00:01:19]} 21... Qe6 {[%clk 00:28:45]  [%emt 00:01:26]}
22. Rd7 {[%clk 00:23:38]  [%emt 00:02:14]} 22... Rfd8 {
[%clk 00:28:10]  [%emt 00:00:44]} 23. Rxd8 {[%clk 00:19:38]  [%emt 00:04:03]}
23... Rxd8 {[%clk 00:28:07]  [%emt 00:00:22]} 24. Rd1 {
[%clk 00:18:48]  [%emt 00:00:40]} 24... Rxd1 {[%clk 00:25:32]  [%emt 00:02:40]}
25. Kxd1 {[%clk 00:18:52]  [%emt 00:00:11]} 25... c5 {
[%clk 00:25:25]  [%emt 00:00:04]} 26. Ke2 {[%clk 00:16:44]  [%emt 00:02:11]}
26... Qd6 {[%clk 00:25:26]  [%emt 00:00:22]} 27. g3 {
[%clk 00:15:20]  [%emt 00:01:12]} 27... g5 {[%clk 00:23:34]  [%emt 00:02:05]}
28. hxg5 {[%clk 00:14:37]  [%emt 00:00:42]} 28... Ng6 {
[%clk 00:23:34]  [%emt 00:00:06]} 29. gxf4 {[%clk 00:11:47]  [%emt 00:02:52]}
29... Nxf4+ {[%clk 00:23:33]  [%emt 00:00:09]} 30. Ke3 {
[%clk 00:09:46]  [%emt 00:02:04]} 30... hxg5 {[%clk 00:22:42]  [%emt 00:00:55]}
31. Nf7 {[%clk 00:05:01]  [%emt 00:04:53]} 31... Bd4+ {
[%clk 00:22:28]  [%emt 00:00:16]} 32. Kf3 {[%clk 00:04:04]  [%emt 00:01:02]}
32... g4+ {[%clk 00:21:26]  [%emt 00:01:06]} 33. Kg3 {
[%clk 00:03:07]  [%emt 00:01:02]} 33... Ne2+ {[%clk 00:21:27]  [%emt 00:00:28]}
34. Kg2 {[%clk 00:02:55]  [%emt 00:00:03]} 34... Qf4 {[%clk 00:21:28]} 35. Ng5+
{[%clk 00:01:44]  [%emt 00:01:13]} 35... Qxg5 {[%clk 00:21:26]  [%emt 00:00:07]
} 36. Qc2 {[%clk 00:01:18]  [%emt 00:00:28]} 36... Nf4+ {
[%clk 00:19:32]  [%emt 00:01:59]} 37. Kg3 {[%clk 00:01:22]  [%emt 00:00:20]}
37... Ne6 {[%clk 00:18:31]  [%emt 00:00:48]} 38. e5+ {
[%clk 00:01:04]  [%emt 00:00:22]} 38... Kg7 {[%clk 00:18:31]  [%emt 00:00:40]}
39. Bxd4 {[%clk 00:01:08]} 39... Qf4+ {[%clk 00:18:29]} 40. Kg2 {
[%clk 00:01:04]  [%emt 00:00:04]} 40... Nxd4 {[%clk 00:18:30]} 41. Qd3 {
[%clk 00:00:54]  [%emt 00:00:03]} 41... Qf3+ {[%clk 00:18:09]  [%emt 00:00:21]}
42. Qxf3 {[%clk 00:00:57]  [%emt 00:00:38]} 42... Nxf3 {[%clk 00:18:06]} 0-1

[Event "Campeonatos de Espana Universitarios 20"]
[Site "Universidad de Alicante, Spai"]
[Date "2019.04.10"]
[Round "6.5"]
[White "Suarez Uriel, Adrian"]
[Black "Sanchez Gonzalez, Sergio"]
[Result "1-0"]
[WhiteElo "2397"]
[BlackElo "2358"]
[PlyCount "113"]
[EventDate "2019.??.??"]

1. e4 {[%clk 00:40:09]} 1... c5 {[%clk 00:40:08]  [%emt 00:00:06]} 2. Nf3 {
[%clk 00:40:13]  [%emt 00:00:08]} 2... d6 {[%clk 00:40:11]} 3. Nc3 {
[%clk 00:40:16]} 3... Nf6 {[%clk 00:40:13]} 4. d4 {
[%clk 00:40:17]  [%emt 00:00:04]} 4... cxd4 {[%clk 00:40:16]} 5. Nxd4 {
[%clk 00:40:20]  [%emt 00:00:05]} 5... e6 {[%clk 00:40:18]} 6. g4 {
[%clk 00:40:24]} 6... a6 {[%clk 00:40:16]  [%emt 00:00:10]} 7. g5 {
[%clk 00:40:22]  [%emt 00:00:05]} 7... Nfd7 {[%clk 00:40:19]  [%emt 00:00:06]}
8. h4 {[%clk 00:40:23]  [%emt 00:00:05]} 8... b5 {
[%clk 00:40:19]  [%emt 00:00:05]} 9. Bg2 {[%clk 00:38:30]  [%emt 00:01:53]}
9... Bb7 {[%clk 00:40:21]  [%emt 00:00:05]} 10. h5 {
[%clk 00:38:29]  [%emt 00:00:07]} 10... Nc5 {[%clk 00:39:26]  [%emt 00:00:57]}
11. a3 {[%clk 00:38:09]  [%emt 00:00:24]} 11... Nc6 {
[%clk 00:38:55]  [%emt 00:00:41]} 12. Be3 {[%clk 00:38:12]} 12... Ne5 {
[%clk 00:38:26]  [%emt 00:00:36]} 13. Qe2 {[%clk 00:37:56]  [%emt 00:00:16]}
13... Qc7 {[%clk 00:37:55]  [%emt 00:00:36]} 14. O-O-O {
[%clk 00:37:37]  [%emt 00:00:25]} 14... Rc8 {[%clk 00:36:18]  [%emt 00:01:47]}
15. Kb1 {[%clk 00:37:35]  [%emt 00:00:04]} 15... Qa5 {
[%clk 00:33:27]  [%emt 00:02:54]} 16. Na2 {[%clk 00:34:40]  [%emt 00:03:00]}
16... Nxe4 {[%clk 00:32:44]  [%emt 00:00:48]} 17. Bxe4 {
[%clk 00:34:17]  [%emt 00:00:29]} 17... Bxe4 {[%clk 00:32:47]} 18. Bd2 {
[%clk 00:34:21]  [%emt 00:00:06]} 18... Bxc2+ {[%clk 00:32:27]  [%emt 00:00:22]
} 19. Nxc2 {[%clk 00:34:24]} 19... Qa4 {[%clk 00:32:31]  [%emt 00:00:06]} 20.
Nc3 {[%clk 00:34:18]  [%emt 00:00:06]} 20... Qc4 {
[%clk 00:31:53]  [%emt 00:00:43]} 21. Rhe1 {[%clk 00:33:51]  [%emt 00:00:36]}
21... Be7 {[%clk 00:30:23]  [%emt 00:01:35]} 22. f4 {
[%clk 00:33:42]  [%emt 00:00:11]} 22... Qxe2 {[%clk 00:30:10]  [%emt 00:00:18]}
23. Rxe2 {[%clk 00:33:46]} 23... Nc4 {[%clk 00:30:13]  [%emt 00:00:06]} 24. Bc1
{[%clk 00:33:41]  [%emt 00:00:06]} 24... d5 {[%clk 00:29:47]  [%emt 00:00:37]}
25. Rde1 {[%clk 00:31:59]  [%emt 00:01:42]} 25... Nxa3+ {
[%clk 00:28:33]  [%emt 00:01:19]} 26. bxa3 {[%clk 00:31:55]  [%emt 00:00:09]}
26... Rxc3 {[%clk 00:28:34]  [%emt 00:00:05]} 27. Bb2 {
[%clk 00:31:54]  [%emt 00:00:05]} 27... Rc4 {[%clk 00:28:24]  [%emt 00:00:15]}
28. Bxg7 {[%clk 00:31:55]  [%emt 00:00:07]} 28... Rg8 {[%clk 00:28:27]} 29. Be5
{[%clk 00:31:47]  [%emt 00:00:12]} 29... Kd7 {[%clk 00:28:30]  [%emt 00:00:06]}
30. Ne3 {[%clk 00:31:26]  [%emt 00:00:22]} 30... Rc6 {
[%clk 00:27:45]  [%emt 00:00:50]} 31. Ng4 {[%clk 00:31:07]  [%emt 00:00:23]}
31... Rc4 {[%clk 00:26:19]  [%emt 00:01:36]} 32. Ne3 {
[%clk 00:30:32]  [%emt 00:00:35]} 32... Rc6 {[%clk 00:25:19]  [%emt 00:01:06]}
33. Rc2 {[%clk 00:30:35]} 33... Rgc8 {[%clk 00:25:20]  [%emt 00:00:10]} 34.
Rxc6 {[%clk 00:30:33]  [%emt 00:00:14]} 34... Rxc6 {[%clk 00:25:23]} 35. Kb2 {
[%clk 00:30:28]  [%emt 00:00:04]} 35... b4 {[%clk 00:25:23]  [%emt 00:00:05]}
36. axb4 {[%clk 00:30:28]  [%emt 00:00:04]} 36... Bxb4 {
[%clk 00:25:26]  [%emt 00:00:04]} 37. Re2 {[%clk 00:30:18]  [%emt 00:00:11]}
37... Be7 {[%clk 00:23:30]  [%emt 00:02:00]} 38. Ka2 {
[%clk 00:30:13]  [%emt 00:00:10]} 38... Rc1 {[%clk 00:23:18]  [%emt 00:00:17]}
39. Rb2 {[%clk 00:30:09]  [%emt 00:00:09]} 39... Kc6 {
[%clk 00:22:01]  [%emt 00:01:23]} 40. Nc2 {[%clk 00:30:01]  [%emt 00:00:14]}
40... Bc5 {[%clk 00:20:43]  [%emt 00:01:21]} 41. Kb3 {
[%clk 00:28:58]  [%emt 00:01:08]} 41... Rd1 {[%clk 00:20:35]  [%emt 00:00:15]}
42. Kc3 {[%clk 00:27:41]  [%emt 00:01:20]} 42... Rh1 {
[%clk 00:20:28]  [%emt 00:00:13]} 43. h6 {[%clk 00:27:35]  [%emt 00:00:09]}
43... Rh3+ {[%clk 00:20:32]} 44. Kd2 {[%clk 00:27:36]  [%emt 00:00:10]} 44...
Rh2+ {[%clk 00:20:27]  [%emt 00:00:06]} 45. Kd3 {
[%clk 00:27:14]  [%emt 00:00:28]} 45... Rh3+ {[%clk 00:20:29]  [%emt 00:00:05]}
46. Ke2 {[%clk 00:27:17]} 46... Rh2+ {[%clk 00:20:04]  [%emt 00:00:33]} 47. Kf3
{[%clk 00:27:18]} 47... Rh3+ {[%clk 00:19:12]  [%emt 00:00:57]} 48. Kg4 {
[%clk 00:27:22]} 48... Rd3 {[%clk 00:19:01]  [%emt 00:00:17]} 49. Ne1 {
[%clk 00:26:44]  [%emt 00:00:43]} 49... Rd1 {[%clk 00:18:54]  [%emt 00:00:20]}
50. Nf3 {[%clk 00:26:48]} 50... d4 {[%clk 00:18:24]  [%emt 00:00:31]} 51. f5 {
[%clk 00:25:39]  [%emt 00:01:12]} 51... Kd5 {[%clk 00:18:26]  [%emt 00:00:06]}
52. fxe6 {[%clk 00:25:39]  [%emt 00:00:04]} 52... Kxe6 {
[%clk 00:17:58]  [%emt 00:00:37]} 53. Ra2 {[%clk 00:25:44]} 53... d3 {
[%clk 00:17:53]  [%emt 00:00:06]} 54. Rxa6+ {[%clk 00:25:46]  [%emt 00:00:05]}
54... Kd5 {[%clk 00:17:57]} 55. Bf4 {[%clk 00:25:37]  [%emt 00:00:11]} 55...
Bb4 {[%clk 00:16:25]  [%emt 00:01:37]} 56. Rf6 {[%clk 00:25:40]} 56... d2 {
[%clk 00:15:40]  [%emt 00:00:52]} 57. Nxd2 {[%clk 00:25:40]  [%emt 00:00:07]}
1-0

[Event "Campeonatos de Espana Universitarios 20"]
[Site "Universidad de Alicante, Spai"]
[Date "2019.04.10"]
[Round "6.6"]
[White "Molina Carretero, Daniel"]
[Black "Bayo Milagro, Alvaro"]
[Result "0-1"]
[WhiteElo "2134"]
[BlackElo "2333"]
[PlyCount "54"]
[EventDate "2019.??.??"]

1. c4 {[%clk 00:40:08]  [%emt 00:00:03]} 1... e6 {[%clk 00:40:09]} 2. Nf3 {
[%clk 00:40:06]  [%emt 00:00:08]} 2... d5 {[%clk 00:40:03]  [%emt 00:00:07]} 3.
b3 {[%clk 00:40:07]  [%emt 00:00:10]} 3... Be7 {
[%clk 00:39:52]  [%emt 00:00:29]} 4. Bb2 {[%clk 00:39:57]} 4... Bf6 {
[%clk 00:39:56]} 5. Nc3 {[%clk 00:35:26]  [%emt 00:04:33]} 5... Ne7 {
[%clk 00:39:42]  [%emt 00:00:19]} 6. e3 {[%clk 00:34:32]  [%emt 00:01:24]} 6...
b6 {[%clk 00:39:37]} 7. Be2 {[%clk 00:33:43]  [%emt 00:00:42]} 7... Bb7 {
[%clk 00:39:40]  [%emt 00:00:07]} 8. O-O {[%clk 00:31:24]  [%emt 00:02:16]}
8... O-O {[%clk 00:39:42]  [%emt 00:00:10]} 9. Rc1 {
[%clk 00:30:48]  [%emt 00:00:35]} 9... c5 {[%clk 00:39:36]  [%emt 00:00:14]}
10. cxd5 {[%clk 00:30:31]  [%emt 00:00:19]} 10... Nxd5 {
[%clk 00:39:20]  [%emt 00:00:22]} 11. a3 {[%clk 00:29:55]  [%emt 00:00:39]}
11... Nd7 {[%clk 00:39:10]  [%emt 00:00:15]} 12. Qc2 {
[%clk 00:29:26]  [%emt 00:00:37]} 12... Qe7 {[%clk 00:38:57]  [%emt 00:00:18]}
13. Rfd1 {[%clk 00:28:48]  [%emt 00:00:41]} 13... Rac8 {
[%clk 00:38:59]  [%emt 00:00:09]} 14. Qb1 {[%clk 00:28:17]  [%emt 00:00:29]}
14... Rfd8 {[%clk 00:39:00]  [%emt 00:00:37]} 15. Qa1 {
[%clk 00:22:08]  [%emt 00:05:45]} 15... h6 {[%clk 00:38:23]  [%emt 00:00:45]}
16. d4 {[%clk 00:21:26]  [%emt 00:00:43]} 16... cxd4 {
[%clk 00:36:34]  [%emt 00:01:54]} 17. Nxd4 {[%clk 00:21:22]  [%emt 00:00:37]}
17... Nc5 {[%clk 00:36:36]} 18. Bc4 {[%clk 00:16:28]  [%emt 00:04:45]} 18...
Nf4 {[%clk 00:32:18]  [%emt 00:04:19]} 19. b4 {[%clk 00:14:35]  [%emt 00:01:50]
} 19... Nxg2 {[%clk 00:31:21]  [%emt 00:01:04]} 20. bxc5 {
[%clk 00:13:05]  [%emt 00:01:32]} 20... Rxc5 {[%clk 00:31:24]  [%emt 00:00:35]}
21. Bd5 {[%clk 00:06:56]  [%emt 00:05:41]} 21... Nh4 {
[%clk 00:30:56]  [%emt 00:00:35]} 22. Bxb7 {[%emt 00:02:09]} 22... Qxb7 {
[%clk 00:30:59]  [%emt 00:00:38]} 23. Kf1 {[%clk 00:04:50]} 23... Rg5 {
[%clk 00:29:17]  [%emt 00:01:13]} 24. Ncb5 {[%clk 00:01:50]  [%emt 00:03:08]}
24... a6 {[%clk 00:27:06]  [%emt 00:02:58]} 25. Nc6 {[%clk 00:01:54]} 25...
Rxd1+ {[%clk 00:26:59]} 26. Rxd1 {[%clk 00:01:34]  [%emt 00:00:03]} 26... Qxc6
{[%clk 00:27:01]} 27. Nd4 {[%clk 00:00:39]  [%emt 00:01:09]} 27... Bxd4 {
[%clk 00:26:52]  [%emt 00:00:07]} 0-1